000 00257nam a22001097a 4500
082 _a621.3 NIA'H
100 _aNIAZ MUHAMMAD
_975098
245 _aHANDBOOK OF ELECTRIC WIRING (URDU BOOK)
260 _aLAHORE
_bJAHANGIR
_c1978
300 _a216P
942 _cBK
999 _c580586
_d580586